Palmarès des coupes continentales et mondiales de football - Statistiques

Statistiques générales
  • Ce quiz a été pris 244 fois
  • Le résultat moyen est 165 sur 176
Statistiques - réponses
Group Hint 1 Hint 2 Réponse % Correct
Coupe du monde 1958 Suède Brésil
100%
Coupe du monde 1962 Chili Brésil
100%
Coupe du monde 1970 Mexique Brésil
100%
Coupe du monde 1994 Etats-Unis Brésil
100%
Coupe du monde 2002 Japon / Corée du Sud Brésil
100%
Copa América 1919 Brésil Brésil
100%
Copa América 1922 Brésil Brésil
100%
Copa América 1949 Brésil Brésil
100%
Copa América 1989 Brésil Brésil
100%
Copa América 1997 Bolivie Brésil
100%
Copa América 1999 Paraguay Brésil
100%
Copa América 2004 Pérou Brésil
100%
Copa América 2007 Venezuela Brésil
100%
Copa América 2019 Brésil Brésil
100%
Coupe des confédérations 1997 Arabie saoudite Brésil
100%
Coupe des confédérations 2005 Allemagne Brésil
100%
Coupe des confédérations 2009 Afrique du Sud Brésil
100%
Coupe des confédérations 2013 Brésil Brésil
100%
Coupe du monde 1998 France France
100%
Coupe du monde 2018 Russie France
100%
Championnat d'Europe 1984 France France
100%
Championnat d'Europe 2000 Belgique / Pays-Bas France
100%
Coupe des confédérations 2001 Japon / Corée du Sud France
100%
Coupe des confédérations 2003 France France
100%
Coupe du monde 2014 Brésil Allemagne
99%
Championnat d'Europe 1996 Angleterre Allemagne
99%
Coupe des confédérations 2017 Russie Allemagne
99%
Coupe du monde 1954 Suisse Allemagne de l'Ouest
99%
Coupe du monde 1974 Allemagne de l'Ouest Allemagne de l'Ouest
99%
Coupe du monde 1990 Italie Allemagne de l'Ouest
99%
Championnat d'Europe 1972 Belgique Allemagne de l'Ouest
99%
Championnat d'Europe 1980 Italie Allemagne de l'Ouest
99%
Coupe du monde 1978 Argentine Argentine
99%
Coupe du monde 1986 Mexique Argentine
99%
Copa América 1921 Argentine Argentine
99%
Copa América 1925 Argentine Argentine
99%
Copa América 1927 Pérou Argentine
99%
Copa América 1929 Argentine Argentine
99%
Copa América 1937 Argentine Argentine
99%
Copa América 1941 Chili Argentine
99%
Copa América 1945 Chili Argentine
99%
Copa América 1946 Argentine Argentine
99%
Copa América 1947 Equateur Argentine
99%
Copa América 1955 Chili Argentine
99%
Copa América 1957 Pérou Argentine
99%
Copa América 1959 Argentine Argentine
99%
Copa América 1991 Chili Argentine
99%
Copa América 1993 Equateur Argentine
99%
Coupe des confédérations 1992 Arabie saoudite Argentine
99%
Coupe du monde 2010 Afrique du Sud Espagne
99%
Championnat d'Europe 1964 Espagne Espagne
99%
Championnat d'Europe 2008 Autriche / Suisse Espagne
99%
Championnat d'Europe 2012 Pologne / Ukraine Espagne
99%
Coupe du monde 1934 Italie Italie
99%
Coupe du monde 1938 France Italie
99%
Coupe du monde 1982 Espagne Italie
99%
Coupe du monde 2006 Allemagne Italie
99%
Championnat d'Europe 1968 Italie Italie
99%
Coupe du monde 1930 Uruguay Uruguay
99%
Coupe du monde 1950 Brésil Uruguay
99%
Copa América 1916 Argentine Uruguay
99%
Copa América 1917 Uruguay Uruguay
99%
Copa América 1920 Chili Uruguay
99%
Copa América 1923 Uruguay Uruguay
99%
Copa América 1924 Uruguay Uruguay
99%
Copa América 1926 Chili Uruguay
99%
Copa América 1935 Pérou Uruguay
99%
Copa América 1942 Uruguay Uruguay
99%
Copa América 1956 Uruguay Uruguay
99%
Copa América 1959 Equateur Uruguay
99%
Copa América 1967 Uruguay Uruguay
99%
Copa América 1983 _ Uruguay
99%
Copa América 1987 Argentine Uruguay
99%
Copa América 1995 Uruguay Uruguay
99%
Copa América 2011 Argentine Uruguay
99%
Coupe du monde 1966 Angleterre Angleterre
98%
Gold Cup 1991 Etats-Unis Etats-Unis
98%
Gold Cup 2002 Etats-Unis Etats-Unis
98%
Gold Cup 2005 Etats-Unis Etats-Unis
98%
Gold Cup 2007 Etats-Unis Etats-Unis
98%
Gold Cup 2013 Etats-Unis Etats-Unis
98%
Gold Cup 2017 Etats-Unis Etats-Unis
98%
Championnat d'Europe 2016 France Portugal
98%
Coupe d'Asie des nations 1992 Japon Japon
97%
Coupe d'Asie des nations 2000 Liban Japon
97%
Coupe d'Asie des nations 2004 Chine Japon
97%
Coupe d'Asie des nations 2011 Qatar Japon
97%
Gold Cup 1965 Guatemala Mexique
97%
Gold Cup 1971 Trinité-et-Tobago Mexique
97%
Gold Cup 1977 Mexique Mexique
97%
Gold Cup 1993 Etats-Unis / Mexique Mexique
97%
Gold Cup 1996 Etats-Unis Mexique
97%
Gold Cup 1998 Etats-Unis Mexique
97%
Gold Cup 2003 Etats-Unis / Mexique Mexique
97%
Gold Cup 2009 Etats-Unis Mexique
97%
Gold Cup 2011 Etats-Unis Mexique
97%
Gold Cup 2015 Etats-Unis / Canada Mexique
97%
Gold Cup 2019 Etats-Unis / Costa Rica / Jamaïque Mexique
97%
Coupe des confédérations 1999 Mexique Mexique
97%
Coupe d'Asie des nations 2015 Australie Australie
96%
Coupe d'Océanie des nations 1980 Nouvelle-Calédonie Australie
96%
Coupe d'Océanie des nations 1996 _ Australie
96%
Coupe d'Océanie des nations 2000 Tahiti Australie
96%
Coupe d'Océanie des nations 2004 Australie Australie
96%
Coupe d'Afrique des nations 1957 Soudan Egypte
96%
Coupe d'Afrique des nations 1986 Egypte Egypte
96%
Coupe d'Afrique des nations 1998 Burkina Faso Egypte
96%
Coupe d'Afrique des nations 2006 Egypte Egypte
96%
Coupe d'Afrique des nations 2008 Ghana Egypte
96%
Coupe d'Afrique des nations 2010 Angola Egypte
96%
Coupe d'Afrique des nations 1990 Algérie Algérie
94%
Coupe d'Afrique des nations 2019 Egypte Algérie
94%
Championnat d'Europe 2004 Portugal Grèce
94%
Coupe d'Afrique des nations 1976 Ethiopie Maroc
94%
Gold Cup 1985 _ Canada
93%
Gold Cup 2000 Etats-Unis Canada
93%
Copa América 2015 Chili Chili
93%
Copa América 2016 Etats-Unis Chili
93%
Coupe d'Asie des nations 1956 Hong Kong Corée du Sud
93%
Coupe d'Asie des nations 1960 Corée du Sud Corée du Sud
93%
Coupe d'Afrique des nations 1996 Afrique du Sud Afrique du Sud
92%
Copa América 2001 Colombie Colombie
92%
Coupe d'Asie des nations 1968 Iran Iran
92%
Coupe d'Asie des nations 1972 Thaïlande Iran
92%
Coupe d'Asie des nations 1976 Iran Iran
92%
Coupe d'Océanie des nations 1973 Nouvelle-Zélande Nouvelle-Zélande
92%
Coupe d'Océanie des nations 1998 Australie Nouvelle-Zélande
92%
Coupe d'Océanie des nations 2002 Nouvelle-Zélande Nouvelle-Zélande
92%
Coupe d'Océanie des nations 2008 _ Nouvelle-Zélande
92%
Coupe d'Océanie des nations 2016 Papouasie-Nouvelle-Guinée Nouvelle-Zélande
92%
Copa América 1939 Pérou Pérou
92%
Copa América 1975 _ Pérou
92%
Copa América 1963 Bolivie Bolivie
91%
Coupe d'Afrique des nations 1984 Cote d'Ivoire Cameroun
91%
Coupe d'Afrique des nations 1988 Maroc Cameroun
91%
Coupe d'Afrique des nations 2000 Ghana / Nigeria Cameroun
91%
Coupe d'Afrique des nations 2002 Mali Cameroun
91%
Coupe d'Afrique des nations 2017 Gabon Cameroun
91%
Gold Cup 1981 Honduras Honduras
91%
Coupe d'Afrique des nations 1992 Sénégal Cote d'Ivoire
90%
Coupe d'Afrique des nations 2015 Guinée équatoriale Cote d'Ivoire
90%
Coupe d'Afrique des nations 1963 Ghana Ghana
90%
Coupe d'Afrique des nations 1965 Tunisie Ghana
90%
Coupe d'Afrique des nations 1978 Ghana Ghana
90%
Coupe d'Afrique des nations 1982 Libye Ghana
90%
Coupe d'Afrique des nations 1980 Nigeria Nigeria
90%
Coupe d'Afrique des nations 1994 Tunisie Nigeria
90%
Coupe d'Afrique des nations 2013 Afrique du Sud Nigeria
90%
Coupe d'Afrique des nations 2004 Tunisie Tunisie
90%
Gold Cup 1963 Salvador Costa Rica
88%
Gold Cup 1969 Costa Rica Costa Rica
88%
Gold Cup 1989 _ Costa Rica
88%
Championnat d'Europe 1988 Allemagne de l'Ouest Pays-Bas
88%
Championnat d'Europe 1992 Suède Danemark
86%
Coupe des confédérations 1995 Arabie saoudite Danemark
86%
Copa América 1953 Pérou Paraguay
86%
Copa América 1979 _ Paraguay
86%
Coupe d'Asie des nations 1984 Singapour Arabie saoudite
84%
Coupe d'Asie des nations 1988 Qatar Arabie saoudite
84%
Coupe d'Asie des nations 1996 Emirats arabes unis Arabie saoudite
84%
Championnat d'Europe 1960 France URSS
84%
Coupe d'Afrique des nations 1962 Ethiopie Ethiopie
82%
Coupe d'Asie des nations 1964 Israël Israël
82%
Coupe d'Asie des nations 2019 Emirats arabes unis Qatar
82%
Gold Cup 1973 Haïti Haïti
81%
Coupe d'Afrique des nations 1970 Soudan Soudan
81%
Coupe d'Afrique des nations 1968 Ethiopie République démocratique du Congo
76%
Coupe d'Asie des nations 2007 Indonésie / Malaisie / Thaïlande / Viêt Nam Irak
75%
Coupe d'Asie des nations 1980 Koweït Koweït
74%
Coupe d'Afrique des nations 1972 Cameroun Congo
73%
Championnat d'Europe 1976 Yougoslavie Tchécoslovaquie
73%
Gold Cup 1967 Honduras Guatemala
66%
Coupe d'Afrique des nations 2012 Gabon / Guinée équatoriale Zambie
62%
Coupe d'Océanie des nations 2012 Salomon Tahiti
44%
Coupe d'Afrique des nations 1974 Egypte Zaïre
39%
Coupe d'Afrique des nations 1959 République arabe unie République arabe unie
29%
Aucun quiz correspondant
Distribution des résultats
% des personnes avec chaque résultat
Percentile par nombre de réponses
Votre historique - résultats
Vous n’avez pas pris ce quiz